000 00428 a2200109 4500
001 ART_63474
005 20260410161612.0
008 260409a
245 1 0 _aMedición posterior de las activos biológicos en la RT 54, "Normas contables profesionales: Norma unificada argentina de contabilidad"
100 1 _aSuardi, Diana
773 0 _tProfesional & Empresaria
_g- Año XXVI, Nº 305 (sep./oct. 2025)
_wREV70
999 _c10720
_d10720